000 00314nam a2200133 i 4500
001 bg
100 1 _aJETHON, Zbigniew
245 0 _aBariery ludzkich możliwości /
_cZbigniew Jethon.
260 _aWarszawa,
_c1977.
040 _cBPK
041 _apol
942 _cKS
008 s pl f |000 0 pol
999 _c27044
_d27044
856 _uhttp://koha.tu.koszalin.pl/cgi-bin/koha/opac-detail.pl?biblionumber=27044
_yKatalog online BPK